Pokémon - Les attaques de Ferdeter - Statistiques

Statistiques générales
  • Ce quiz a été pris 12 fois
  • Le résultat moyen est 10 sur 14
Statistiques - réponses
Niveaux Types Noms des attaques % Correct
Départ Normal Charge
100%
Niveau 12 Roche Anti-Air
86%
Niveau 38 Acier Mur de Fer
86%
Niveau 47 Sol Séisme
86%
Niveau 34 Roche Tempête de Sable
86%
Départ Normal Armure
71%
Niveau 7 Sol Coud'Boue
71%
Niveau 16 Sol Piétisol
71%
Niveau 43 Acier Queue de Fer
71%
Niveau 21 Acier Tête de Fer
71%
Niveau 30 Sol Tunnel
71%
Niveau 26 Normal Bélier
57%
Départ Normal Ligotage
57%
Niveau 52 Normal Queulonage
57%
Aucun quiz correspondant
Distribution des résultats
% des personnes avec chaque résultat
Percentile par nombre de réponses
Votre historique - résultats
Vous n’avez pas pris ce quiz